000 00213nam a22000857a 4500
008 170203b xxu||||| |||| 00| 0 eng d
100 _92765
_aSally.V.K.
245 _aLab Manual Science-9
260 _aNew delhi
_bGBP
_c2010
999 _c5956
_d5956